Arcidiecézní muzeum Olomouc /

Další autoři: Jakubec, Ondřej, 1976-, Zatloukal, Pavel, 1948-
Jazyk: Čeština
Vydáno: Olomouc : Muzeum umění Olomouc, 2009
Vydání: 1. vyd.
Témata:
Fyzický popis: 135 s. : il. (převážně barev.), portréty, faksim. ; 34 cm
Knihy
Uloženo v:
LEADER 02470nam a2200661 a 4500
001 nkc20091867448
003 CZ PrNK
005 20101108134318.0
007 ta
008 090825s2009 xr ach f 000 0 cze
015 |a cnb001867448 
020 |a 978-80-87149-21-8  |q (váz.) 
035 |a (OCoLC)455842749 
040 |a ABA001  |b cze 
043 |a e-xr---  |b e-xr-ol  |2 czenas 
072 7 |a 069  |x Muzea. Muzeologie. Muzejnictví. Výstavy  |2 Konspekt  |9 12 
080 |a 069:27-52-7  |2 MRF 
080 |a 72/76:069  |2 MRF 
080 |a 727.7  |2 MRF 
080 |a 069.5  |2 MRF 
080 |a 27-52:904  |2 MRF 
080 |a 72/76:904  |2 MRF 
080 |a (437.325)  |2 MRF 
080 |a (048.8)  |2 MRF 
080 |a (084.11)  |2 MRF 
245 0 0 |a Arcidiecézní muzeum Olomouc /  |c Ondřej Jakubec, Pavel Zatloukal (eds.) ; [texty Ondřej Jakubec ... et al.] 
246 1 5 |a Muzeum umění Olomouc, Arcidiecézní muzeum Olomouc 
250 |a 1. vyd. 
260 |a Olomouc :  |b Muzeum umění Olomouc,  |c 2009 
300 |a 135 s. :  |b il. (převážně barev.), portréty, faksim. ;  |c 34 cm 
500 |a 800 výt. 
504 |a Obsahuje bibliografii 
650 0 7 |a církevní muzea  |7 ph359612  |z Česko  |2 czenas 
650 0 7 |a muzea umění  |7 ph123050  |z Česko  |2 czenas 
650 0 7 |a muzejní budovy  |7 ph135197  |z Česko  |2 czenas 
650 0 7 |a muzejní sbírky  |7 ph137908  |z Česko  |2 czenas 
650 0 7 |a církevní památky  |7 ph114287  |z Česko  |2 czenas 
650 0 7 |a umělecké památky  |7 ph126896  |z Česko  |2 czenas 
650 0 9 |a church museums  |z Czechia  |2 eczenas 
650 0 9 |a art museums  |z Czechia  |2 eczenas 
650 0 9 |a museum buildings  |z Czechia  |2 eczenas 
650 0 9 |a museum collections  |z Czechia  |2 eczenas 
650 0 9 |a church antiquities  |z Czechia  |2 eczenas 
650 0 9 |a artistic monuments  |z Czechia  |2 eczenas 
655 7 |a monografie  |7 fd132842  |2 czenas 
655 7 |a obrazové publikace  |7 fd132947  |2 czenas 
655 9 |a monographs  |2 eczenas 
655 9 |a pictorial works  |2 eczenas 
610 2 7 |a Arcidiecézní muzeum (Olomouc, Česko)  |7 kn20021021005  |2 czenas 
651 7 |a Olomouc (Česko)  |7 ge130299  |2 czenas 
651 9 |a Olomouc (Czechia)  |2 eczenas 
700 1 |a Jakubec, Ondřej,  |d 1976-  |7 jo2002109957  |4 edt  |4 aut 
700 1 |a Zatloukal, Pavel,  |d 1948-  |7 jn99240001518  |4 edt  |4 aut 
910 2 |a BOA001  |b 4-1228.342 
990 |a BK 
995 |a 01 
991 |b 200909  |c NOV 
996 6 |b 2610386040  |c 4-1228.342  |l MZK  |r Sklad / do 1 hodiny  |n 18  |p p.v.  |w 001094263  |u 000010  |a 1  |e BOA001  |j MZK50  |s P